The visual mind II

שמור ב:
מידע ביבליוגרפי
מחבר תאגידי: ebrary, Inc
מחברים אחרים: Emmer, Michele
פורמט: אלקטרוני ספר אלקטרוני
שפה:אנגלית
יצא לאור: Cambridge, Mass. : MIT Press, c2005.
סדרה:Leonardo (Series) (Cambridge, Mass.)
נושאים:
גישה מקוונת:An electronic book accessible through the World Wide Web; click to view
תגים: הוספת תג
אין תגיות, היה/י הראשונ/ה לתייג את הרשומה!

MARC

LEADER 00000nam a22000004a 4500
001 0000091448
005 20171002054655.0
006 m u
007 cr cn|||||||||
008 040812s2005 maua sb 001 0 eng
010 |z  2004057850 
020 |z 0262050765 (hc : alk. paper) 
035 |a (CaPaEBR)ebr10173619 
035 |a (OCoLC)191930890 
040 |a CaPaEBR  |c CaPaEBR 
050 1 4 |a N72.M3  |b V58 2005eb 
082 0 4 |a 701/.5  |2 22 
245 0 4 |a The visual mind II  |h [electronic resource] /  |c edited by Michele Emmer. 
246 3 |a Visual mind 2 
246 3 |a Visual mind two 
260 |a Cambridge, Mass. :  |b MIT Press,  |c c2005. 
300 |a xvi, 699 p. :  |b ill. (some col.). 
490 1 |a Leonardo 
504 |a Includes bibliographical references and indexes. 
533 |a Electronic reproduction.  |b Palo Alto, Calif. :  |c ebrary,  |d 2013.  |n Available via World Wide Web.  |n Access may be limited to ebrary affiliated libraries. 
650 0 |a Art  |x Mathematics. 
650 0 |a Geometry. 
650 0 |a Aesthetics. 
655 7 |a Electronic books.  |2 local 
700 1 |a Emmer, Michele. 
710 2 |a ebrary, Inc. 
830 0 |a Leonardo (Series) (Cambridge, Mass.) 
856 4 0 |u http://site.ebrary.com/lib/daystar/Doc?id=10173619  |z An electronic book accessible through the World Wide Web; click to view 
908 |a 170314 
942 0 0 |c EB 
999 |c 80604  |d 80604